| Registos Bibliográficos associados ao registo de autoridade |
|
Etiqueta de registo: 00533cam 2200193 450 001 560386 003 http://id.bnportugal.gov.pt/bib/catbnp/560386 100 ## $a19950908d1880 m y0pory01030103ba 101 0# $apor 102 ## $aPT 105 ## $ay z 000iy 106 ## $ar 200 1# $aD. Carlos$eopera em 5 actos$fmusica do maestro Giuseppe Verdi 210 #9 $aLisboa$cTyp. de Costa Sanches Fos.,$d1880 215 ## $a87 p.$d20 cm 317 ## $aConservatório Nacional$5PTBN: C.N. 828 P.-C.N. 830 P. 500 10 $aDon Carlos.$nLibreto 532 12 $aDom Carlos 606 ## $aÓperas$j[Libretos]$2SIPOR$31158641 675 ## $a78.089.1$vBN$zpor$3506605 675 ## $a82-293$vBN$zpor$3488282 700 #1 $aDu Locle,$bCamille,$f1832-1903$3220078 701 #1 $aMéry,$bJoseph,$f1797-1865$4070$395798 701 #1 $aVerdi,$bGiuseppe,$f1813-1901$4230$352891 702 #1 $aSchiller,$bFriedrich,$f1759-1805$4100$362879 712 02 $aTipografia Costa Sanches Filhos$4610$31786511 712 01 $aPortugal.$bConservatório Nacional.$bEscola de Música$4390$31172174 801 #0 $aPT$bBN$gRPC 966 ## $lBN$mFGMON$sL. 2163//8 A. 966 ## $lBN$mFGMON$sL. 45807 P. 966 ## $lBN$mMUSICA$pConservatório Nacional$sC.N. 828 P. $x7 966 ## $lBN$mMUSICA$pConservatório Nacional$sC.N. 829 P. $x7 966 ## $lBN$mMUSICA$pConservatório Nacional$sC.N. 830 P. $x7 976 ## $d20260507$rjamaral 997 ## $aBIBEOD
Etiqueta de registo: 01305cas 2200361 450 001 458253 003 http://id.bnportugal.gov.pt/bib/catbnp/458253 005 19990101000000.0 095 ## $aPTBN00660721 100 ## $a19990101b18921892m y0pory01030103ba 101 0# $apor 102 ## $aPT 106 ## $ar 110 ## $aadazz 0uu0 200 1# $a O Archivo Precioso$epublicação quinzenal$fadm. Alfredo Mineiro 207 #0 $aA. 1, nº 1 (jan. 1892) - a. 1, nº 7 (maio 1892) 210 #9 $aLisboa$cTyp. Costa Sanches Filhos,$d1892 215 ## $d32 cm 326 ## $aQuinzenal 518 1# $a O arquivo precioso 620 ## $dLisboa 702 #1 $aMineiro,$bAlfredo$4300$3146418 712 02 $aTipografia Costa Sanches Filhos$4610$31786511 801 #0 $aPT$bBN$gRPC 856 40 $uhttps://purl.pt/38718 856 41 $uhttps://purl.pt/38718/service/media/cover/low 856 49 $uhttps://purl.pt/38718/service/media/pdf$qapplication/pdf 930 ## $dJ. 1166 B.$jA. 1, n 1 (Jan. 1892) - A. 1, n 7 (Maio 1892)$lBN$mNORMAL 930 ## $dJ. 3146//2 B.$jA. 1, n 1 (Jan. 1892)$lBN$mNORMAL 930 ## $dJ. 3146//2 B.$jA. 1, n 4 (Mar. 1892)$lBN$mNORMAL 958 ## $aBND$bLivre$cDigitalizado$d1$ehttps://purl.pt/38718/service/media/cover/max 966 ## $lBN$mFGJOR$sJ. 1166 B. 966 ## $lBN$mFGJOR$sJ. 3146//2 B.
Etiqueta de registo: 00458cam 2200157 450 001 1257069 003 http://id.bnportugal.gov.pt/bib/catbnp/1257069 100 ## $a20020606d1884 m y0pory01030103ba 101 0# $aita$apor 102 ## $aPT 105 ## $ay z 000iy 106 ## $ar 200 1# $a O Rei de Lahor$eopera em 5 actos e 7 quadros$fpoema de Luiz Gallet$gmusica de Julio Massenet 210 #9 $aLisboa$cTyp. de Costa Sanches Fos.,$d1884 215 ## $a71 p.$d20 cm 300 ## $aPersonagens: Alim, Scincia, Tilur, Indrà, Nair, Kaled 304 ## $aEd. bilingue em italiano e português 317 ## $aConservatório Nacional$5PTBN: C.N. 807 P. 500 10 $a Le roi de Lahore.$nLibreto 606 ## $aÓperas$j[Libretos]$2SIPOR$31158641 675 ## $a78.089.1$vBN$zpor$3506605 675 ## $a82-293$vBN$zpor$3488282 700 #1 $aGallet,$bLouis,$f1835-1898$3164378 701 #1 $aMassenet,$bJules,$f1842-1912$4230$3164380 712 02 $aTipografia Costa Sanches Filhos$4610$31786511 712 01 $aPortugal.$bConservatório Nacional.$bEscola de Música$4390$31172174 801 #0 $aPT$bBN 801 #1 $aFR$bJOUVE 966 ## $lBN$mFGMON$sL. 2165 A.$x0 966 ## $lBN$mFGMON$sL. 2164//9 A. $x0 966 ## $lBN$mMUSICA$pConservatório Nacional$sC.N. 807 P. $x7 976 ## $d20260429$rjamaral 997 ## $aBIBEOD
Etiqueta de registo: 00647nam 2200205 450 001 2284852 003 http://id.bnportugal.gov.pt/bib/catbnp/2284852 100 ## $a20260420d1883 m y0pory01030103ba 101 0# $apor 102 ## $aPT 105 ## $ay z 000yy 106 ## $ar 200 1# $a A africana$eopera em 5 actos$fpoema de Eugenio Scribe$gmusica do maestro G. Meyerbeer 210 #9 $aLisboa$cTyp. de Costa Sanches Fos.,$d1883 215 ## $a31 p.$d20 cm 300 ## $aPersonagens: D. Pedro, D. Diogo, D. Inez, Guido de Arezzo, D. Alvaro, Nelusko, Selika,
O Grande Sacerdote de Brahma, Anna, O Presidente do Conselho, um porteiro, um sacerdote 317 ## $aConservatório Nacional$5PTBN: C.N. 499 P. 606 ## $aÓperas$x[Argumentos]$2SIPOR$31273101 675 ## $a78.089.1$vBN$zpor$3506605 700 #1 $aScribe,$bEugène,$f1791-1861$399191 701 #1 $aMeyerbeer,$bGiacomo,$f1791-1864$4230$399196 712 02 $aTipografia Costa Sanches Filhos$4650$31786511 712 01 $aPortugal.$bConservatório Nacional.$bEscola de Música$4390$31172174 801 #0 $aPT$bBN$gRPC 966 ## $lBN$mMUSICA$pConservatório Nacional$sC.N. 499 P. $x7 971 ## $cjamaral$d20260420 997 ## $aBIBEOD
Etiqueta de registo: 00446nam 2200157 450 001 1257065 003 http://id.bnportugal.gov.pt/bib/catbnp/1257065 100 ## $a20020606d1878 m y0pory01030103ba 101 0# $aita$apor 102 ## $aPT 105 ## $ay z 000iy 106 ## $ar 200 1# $aAida$eopera em 4 actos$fpoema de Antonio Ghilanzoni$gmusica de Giuseppe Verdi 210 #9 $aLisboa$cTyp. de Costa Sanches F.os,$d1878 215 ## $a59 p.$d19 cm 300 ## $aPersonagens: Rei, Amneris, Aida, Radamés, Ramphis, Amonasro, um mensageiro 305 ## $aEd. bilingue em italiano e português 316 ## $aCarimbo "Colecção Lino Ferreira"$5PTBN: T.S.C. 10 V. 316 ## $aData na capa: 1879$5PTBN: T.S.C. 1470 P. 316 ## $aData na capa: 1882$5PTBN: T.S.C. 1471 P. 316 ## $aData na capa: 1886$5PTBN: T.S.C. 1472 P. 317 ## $aTeatro Nacional de São Carlos$5PTBN: T.S.C. 1470 P.-T.S.C. 1472 P., T.S.C. 10 V. 317 ## $aConservatório Nacional$5PTBN: C.N. 773 P. 606 ## $aÓperas$j[Libretos]$2SIPOR$31158641 675 ## $a78.089.1$vBN$zpor$3506605 675 ## $a82-293$vBN$zpor$3488282 700 #1 $aGhislanzoni,$bAntonio,$f1824-1893$3179011 701 #1 $aVerdi,$bGiuseppe,$f1813-1901$4230$352891 702 #1 $aFerreira,$bLino,$f1884-1939$4390$335072 712 02 $aTipografia Costa Sanches Filhos$4610$31786511 712 01 $aPortugal.$bTeatro Nacional de São Carlos$4390$315629 712 01 $aPortugal.$bConservatório Nacional.$bEscola de Música$4390$31172174 801 #0 $aPT$bBN 966 ## $lBN$mFGMON$sL. 2163//2 A. $x0 966 ## $lBN$mMUSICA$pConservatório Nacional$sC.N. 773 P. $x7 966 ## $lBN$mMUSICA$sT.S.C. 10 V. $x6 966 ## $lBN$mMUSICA$sT.S.C. 1470 P.$x6 966 ## $lBN$mMUSICA$sT.S.C. 1471 P.$x6 966 ## $lBN$mMUSICA$sT.S.C. 1472 P.$x6 976 ## $d20260422$rjamaral 997 ## $aBIBEOD
Etiqueta de registo: 00426nam 2200157 450 001 1257064 003 http://id.bnportugal.gov.pt/bib/catbnp/1257064 100 ## $a20020606d1882 m y0pory01030103ba 101 0# $aita$apor 102 ## $aPT 105 ## $ay z 000iy 106 ## $ar 200 1# $aBeatriz$eopera em 4 actos$fmusica de Frederico Guimarães 210 #9 $aLisboa$cTyp. de Costa Sanches F.os,$d1882 215 ## $a61, [2] p.$d20 cm 300 ## $aPersonagens: Filippe Maria Visconti, Beatriz, Ignez del Maino, Orqmbello, Anichino,
Rizzardo del Maino 305 ## $aEd. bilingue em italiano e português 317 ## $aConservatório Nacional$5PTBN: C.N. 777 P. 606 ## $aÓperas$j[Libretos]$2SIPOR$31158641 675 ## $a78.089.1$vBN$zpor$3506605 675 ## $a82-293$vBN$zpor$3488282 700 #1 $aRomani,$bFelice,$f1788-1865$364211 701 #1 $aGuimarães,$bFrederico Augusto,$f1849-1918$4230$31208368 712 02 $aTipografia Costa Sanches Filhos$4610$31786511 712 01 $aPortugal.$bConservatório Nacional.$bEscola de Música$4390$31172174 801 #0 $aPT$bBN$gRPC 966 ## $lBN$mFGMON$sL. 2163//6 A. $x0 966 ## $lBN$mMUSICA$pConservatório Nacional$sC.N. 777 P. $x7 976 ## $d20260423$rjamaral 997 ## $aBIBEOD
Etiqueta de registo: 00230nam 2200025 450 001 2285421 003 http://id.bnportugal.gov.pt/bib/catbnp/2285421 100 ## $a20260428d1897 m y0pory01030103ba 101 0# $aita 102 ## $aPT 105 ## $ay z 000iy 106 ## $ar 200 0# $aMario Vetter$edramma lirico in 3 atti$fdi R. Leoncavallo$gmusica di Augusto Machado 210 #9 $aLisboa$cTyp. e Lith. Costa Sanches F.os,$d1897 215 ## $a26 p.$d19 cm 300 ## $aPersonagens: Mario Vetter, Lida, Marchese di Sora, Nerina, Contessa Oberto Narni,
Lady Wilson, Principe Kalisch 317 ## $aConservatório Nacional$5PTBN: C.N. 799 P. 500 10 $aMario Vetter.$nLibreto 606 ## $aÓperas$j[Libretos]$2SIPOR$31158641 675 ## $a78.089.1$vBN$zpor$3506605 675 ## $a82-293$vBN$zpor$3488282 700 #1 $aLeoncavallo,$bRuggero,$f1857-1919$3151176 701 #1 $aMachado,$bAugusto,$f1845-1924$4230$361059 712 02 $aTipografia Costa Sanches Filhos$4610$31786511 712 01 $aPortugal.$bConservatório Nacional.$bEscola de Música$4390$31172174 801 #0 $aPT$bBN$gRPC 966 ## $lBN$mMUSICA$pConservatório Nacional$sC.N. 799 P. $x7 971 ## $cjamaral$d20260428 997 ## $aBIBEOD
Etiqueta de registo: 00584nam 2200193 450 001 2285979 003 http://id.bnportugal.gov.pt/bib/catbnp/2285979 100 ## $a20260507d1886 m y0pory01030103ba 101 0# $apor 102 ## $aPT 105 ## $ay z 000iy 106 ## $ar 200 1# $a Os Dorias$edrama em 4 actos e 6 quadros$fde A. Ghislanzoni$gmusica de A. Machado 210 #9 $aLisboa$cTyp. de Costa Snches Fos.,$d1886 215 ## $a87 p.$d20 cm 300 ## $aPersonagens: Giannettino Doria, Fieschi, Verrina, Calcagno, Romano, Assan, Leonor,
Julia, Arabella 306 ## $aData da capa 1887 317 ## $aConservatório Nacional$5PTBN: C.N. 826 P.-C.N. 827 P. 500 10 $a Os Dorias.$nLibreto 517 1# $a I Fieschi 606 ## $aÓperas$j[Libretos]$2SIPOR$31158641 675 ## $a78.089.1$vBN$zpor$3506605 675 ## $a82-293$vBN$zpor$3488282 700 #1 $aGhislanzoni,$bAntonio,$f1824-1893$3179011 701 #1 $aMachado,$bAugusto,$f1845-1924$4230$361059 712 02 $aTipografia Costa Sanches Filhos$4610$31786511 712 01 $aPortugal.$bConservatório Nacional.$bEscola de Música$4390$31172174 801 #0 $aPT$bBN$gRPC 966 ## $lBN$mMUSICA$pConservatório Nacional$sC.N. 826 P. $x7 966 ## $lBN$mMUSICA$pConservatório Nacional$sC.N. 827 P. $x7 971 ## $cjamaral$d20260507 997 ## $aBIBEOD
Etiqueta de registo: 00269nam 2200145 450 001 2286068 003 http://id.bnportugal.gov.pt/bib/catbnp/2286068 100 ## $a20260508d1888 m y0pory01030103ba 101 1# $apor 102 ## $aPT 105 ## $ay z 000iy 106 ## $ar 200 1# $a O propheta$eopera em 5 actos$fmusica do maestro G. Meyerbeer 210 #9 $aLisboa$cTyp. de Costa Sanches Fos.,$d1888 215 ## $a31 p.$d21 cm 300 ## $aPersonagens: João de Leyde, Zacharias, Jonas, Mathias, Conde D'Oberthal, Fides, Berta 317 ## $aConservatório Nacional$5PTBN: C.N. 837 P. 500 10 $a Le prophète.$nLibreto 518 1# $a O profeta 606 ## $aÓperas$j[Libretos]$2SIPOR$31158641 675 ## $a78.089.1$vBN$zpor$3506605 675 ## $a82-293$vBN$zpor$3488282 700 #1 $aScribe,$bEugène,$f1791-1861$399191 701 #1 $aMeyerbeer,$bGiacomo,$f1791-1864$4230$399196 702 #1 $aPrefumo,$bAntónio,$f?-1857$4730$3165163 712 02 $aTipografia Costa Sanches Filhos$4610$31786511 712 01 $aPortugal.$bConservatório Nacional.$bEscola de Música$4390$31172174 801 #0 $aPT$bBN$gRPC 966 ## $lBN$mMUSICA$pConservatório Nacional$sC.N. 837 P. $x7 971 ## $cjamaral$d20260508 997 ## $aBIBEOD
Etiqueta de registo: 00448cam 2200169 450 001 1257061 003 http://id.bnportugal.gov.pt/bib/catbnp/1257061 100 ## $a20020606d1881 m y0pory01030103ba 101 0# $apor 102 ## $aPT 105 ## $ay z 000iy 106 ## $ar 200 1# $aHamlet$eopera em 5 actos$fmusica de Ambroise Thomas 210 #9 $aLisboa$cTyp. de Costa Sanches Fos.,$d1881 215 ## $a34 p.$d22 cm 300 ## $aPersonagens: Hamlet, Claudio, a sombra, Polonius, Laerte, Marcellus, Horatio, primeiro
coveiro, segundo coveiro, Gertrudes, Ophelia 317 ## $aConservatório Nacional$5PTBN: C.N. 834 P.-C.N. 836 P. 500 10 $aHamlet.$nLibreto 606 ## $aÓperas$j[Libretos]$2SIPOR$31158641 675 ## $a78.089.1$vBN$zpor$3506605 675 ## $a82-293$vBN$zpor$3488282 700 #1 $aCarré,$bMichel,$f1822-1872$31205536 701 #1 $aBarbier,$bJules,$f1825-1901$4070$393975 701 #1 $aThomas,$bAmbroise,$f1811-1896$4230$3256993 712 02 $aTipografia Costa Sanches Filhos$4610$31786511 712 01 $aPortugal.$bConservatório Nacional.$bEscola de Música$4390$31172174 801 #0 $aPT$bBN 966 ## $lBN$mFGMON$sL. 2163//13 A. $x0 966 ## $lBN$mMUSICA$pConservatório Nacional$sC.N. 834 P. $x7 966 ## $lBN$mMUSICA$pConservatório Nacional$sC.N. 835 P. $x7 966 ## $lBN$mMUSICA$pConservatório Nacional$sC.N. 836 P. $x7 976 ## $d20260508$rjamaral 997 ## $aBIBEOD
Etiqueta de registo: 00582cam 2200217 450 001 561900 003 http://id.bnportugal.gov.pt/bib/catbnp/561900 100 ## $a19950918d1880 m y0pory01030103ba 101 1# $aita$apor 102 ## $aPT 105 ## $ay z 000iy 106 ## $ar 200 0# $aMephistopheles$fopera de Arrigo Boito 210 #9 $aLisboa$cTyp. de Costa Sanches Fos.,$d1880 215 ## $a77, [2] p.$d20 cm 300 ## $aPersonagens: Mephistopheles, Fausto, Margarida, Martha, Wagner, Helena, Pantalis,
Nereo 305 ## $aEd. bilingue em italiano e português 316 ## $aExemplar muito incompleto, falta da 17 em diante$5PTBN: C.N. 842 P. 317 ## $aBiblioteca Jorge de Sena$5PTBN: J.S. 1759 317 ## $aConservatório Nacional$5PTBN: C.N. 842 P. 500 10 $aMefistofele.$nLibreto 540 1# $aMefistófeles 606 ## $aÓperas$j[Libretos]$2SIPOR$31158641 675 ## $a78.089.1$vBN$zpor$3506605 675 ## $a82-293$vBN$zpor$3488282 700 #1 $aBoito,$bArrigo,$f1842-1918$326870 712 02 $aTipografia Costa Sanches Filhos$4610$31786511 712 01 $aPortugal.$bConservatório Nacional.$bEscola de Música$4390$31172174 801 #0 $aPT$bBN$gRPC 966 ## $lBN$mFGMON$pBiblioteca Jorge de Sena$sJ.S. 1759$x3 966 ## $lBN$mFGMON$sL. 2164//3 A. $x0 966 ## $lBN$mFGMON$sL. 2165//9 A. $x0 966 ## $lBN$mFGMON$sL. 47103 P. 966 ## $lBN$mFGMON$sL. 53232 P.$x2 966 ## $lBN$mMUSICA$pConservatório Nacional$sC.N. 842 P. $x7 976 ## $d20260511$rjamaral 997 ## $aBIBEOD
Etiqueta de registo: 01795nam 02200457 04500 001 2286119 003 http://id.bnportugal.gov.pt/bib/catbnp/2286119 100 ## $a20260511d1880 m y0pory01030103ba 101 1# $apor 102 ## $aPT 105 ## $ay z 000iy 106 ## $ar 200 1# $aD. João$edrama em 4 actos$fmusica do maestro Mozart 210 #9 $aLisboa$cTyp. de Costa Sanches Fos.,$d1880 215 ## $a38 p.$d21 cm 300 ## $aPersonagens: D. João, D. Anna, D. Octavio, Comendador, D. Elvira, Leporello, Zerlina,
Masetto 317 ## $aConservatório Nacional$5PTBN: C.N. 841 P. 500 10 $aDon Giovanni.$nLibreto 532 12 $aDom João 606 ## $aÓperas$j[Libretos]$2SIPOR$31158641 675 ## $a78.089.1$vBN$zpor$3506605 675 ## $a82-293$vBN$zpor$3488282 700 #1 $aDa Ponte,$bLorenzo,$f1749-1838$334997 701 #1 $aMozart,$bWolfgang Amadeus,$f1756-1791$4230$368108 712 02 $aTipografia Costa Sanches Filhos$4610$31786511 712 01 $aPortugal.$bConservatório Nacional.$bEscola de Música$4390$31172174 801 #0 $aPT$bBN$gRPC 966 ## $lBN$mMUSICA$pConservatório Nacional$sC.N. 841 P. $x7 971 ## $cjamaral$d20260511 997 ## $aBIBEOD
Etiqueta de registo: 00673nam 02200205 04500 001 2286116 003 http://id.bnportugal.gov.pt/bib/catbnp/2286116 100 ## $a20260511d1885 m y0pory01030103ba 101 1# $apor 102 ## $aPT 105 ## $ay z 000iy 106 ## $ar 200 1# $aCarmen$edrama lyrico em 4 actos$eextrahido do romance de Prospero Merimée$fletra de H. Meilhac e L. Halévy$gmúsica de Georges Bizet 210 #9 $aLisboa$cTyp. de Costa Sanches Fos.,$d1885 215 ## $a43 p.$d21 cm 300 ## $aPersonagens: Carmen, Michaela, Frasquita, Mercedes, D. José, Escamillo, o Dancairo,
o Remendado, Zuniga, Morales, Lillas Pastia, um guia 317 ## $aConservatório Nacional$5PTBN: C.N. 840 P. 500 10 $aCarmen.$nLibreto 606 ## $aÓperas$j[Libretos]$2SIPOR$31158641 675 ## $a78.089.1$vBN$zpor$3506605 675 ## $a82-293$vBN$zpor$3488282 700 #1 $aMeilhac,$bHenri,$f1831-1897$379289 701 #1 $aHalévy,$bLudovic,$f1834-1908$4070$355875 701 #1 $aBizet,$bGeorges,$cpseud.$4230$326479 702 #1 $aMérimée,$bProsper,$f1803-1870$4100$358227 712 02 $aTipografia Costa Sanches Filhos$4610$31786511 712 01 $aPortugal.$bConservatório Nacional.$bEscola de Música$4390$31172174 801 #0 $aPT$bBN$gRPC 966 ## $lBN$mMUSICA$pConservatório Nacional$sC.N. 840 P. $x7 971 ## $cjamaral$d20260511 997 ## $aBIBEOD
Etiqueta de registo: 00269nam 2200145 450 001 2286113 003 http://id.bnportugal.gov.pt/bib/catbnp/2286113 100 ## $a20260511d1882 m y0pory01030103ba 101 0# $apor 102 ## $aPT 105 ## $ay z 000iy 106 ## $ar 200 1# $aGuilherme Tell$eopera em 4 actos$fmusica do maestro G. Rossini 210 #9 $aLisboa$cTyp. de Costa Sanches Fos.,$d1882 215 ## $a32 p.$d21 cm 300 ## $aPersonagens: Gessler, Mathilde de Bruneck, Rodolfo, Guilherme Tell, Edwige, Jemmy,
Melchthal, Arnoldo, Gualtiero Fürst, Leuthold, um pescador 316 ## $aData da capa 1885$5PTBN: C.N. 839 P. 317 ## $aConservatório Nacional$5PTBN: C.N. 838 P.-C.N. 839 P. 500 10 $aGuillaume Tell.$nLibreto 606 ## $aÓperas$j[Libretos]$2SIPOR$31158641 675 ## $a78.089.1$vBN$zpor$3506605 675 ## $a82-293$vBN$zpor$3488282 700 #1 $aJouy,$bÉtienne de,$f1764-1846$3101326 701 #1 $aBis,$bHippolyte,$f1789-1855$4070$3281321 701 #1 $aRossini,$bGioachino,$f1792-1868$4230$393958 702 #1 $aSchiller,$bFriedrich,$f1759-1805$4100$362879 712 02 $aTipografia Costa Sanches Filhos$4610$31786511 712 01 $aPortugal.$bConservatório Nacional.$bEscola de Música$4390$31172174 801 #0 $aPT$bBN$gRPC 966 ## $lBN$mMUSICA$pConservatório Nacional$sC.N. 838 P. $x7 966 ## $lBN$mMUSICA$pConservatório Nacional$sC.N. 839 P. $x7 971 ## $cjamaral$d20260511 997 ## $aBIBEOD
|
|
|